Python programming for beginners : (Record no. 20572)
[ view plain ]
| 000 -LEADER | |
|---|---|
| fixed length control field | 00534nam a22001337a 4500 |
| 008 - FIXED-LENGTH DATA ELEMENTS--GENERAL INFORMATION | |
| fixed length control field | 250117b |||||||| |||| 00| 0 eng d |
| 020 ## - INTERNATIONAL STANDARD BOOK NUMBER | |
| International Standard Book Number | 9798376161821 |
| 050 ## - LIBRARY OF CONGRESS CALL NUMBER | |
| Classification number | QA76.73 |
| Item number | .P98R63 |
| 100 ## - MAIN ENTRY--PERSONAL NAME | |
| Personal name | Robbins, Philip |
| 245 ## - TITLE STATEMENT | |
| Title | Python programming for beginners : |
| Remainder of title | The completeguide to mastering python in 7 days with hands- on exercises- top secret coding tips to get an unfair advantage and land your dream job /by |
| Statement of responsibility, etc. | Philip Robbins |
| 260 ## - PUBLICATION, DISTRIBUTION, ETC. (IMPRINT) | |
| Place of publication, distribution, etc. | Great Britain |
| Name of publisher, distributor, etc. | Amazon |
| Date of publication, distribution, etc. | 2023 |
| 300 ## - PHYSICAL DESCRIPTION | |
| Extent | 122p. |
| Other physical details | Includes References |
| 942 ## - ADDED ENTRY ELEMENTS (KOHA) | |
| Source of classification or shelving scheme | Library of Congress Classification |
| Koha item type | General Collection |
| Withdrawn status | Lost status | Source of classification or shelving scheme | Not for loan | Home library | Current library | Date acquired | Cost, normal purchase price | Inventory number | Total Checkouts | Full call number | Barcode | Date last seen | Date last checked out | Copy number | Price effective from | Koha item type |
|---|---|---|---|---|---|---|---|---|---|---|---|---|---|---|---|---|
| Library of Congress Classification | Kabarak, Nakuru City Campus | Kabarak, Main Campus | 17/01/2025 | 5280.00 | 2025/0849 | 1 | QA76.73 .P98R63 2023 C.1 | 33611 | 27/02/2025 | 04/02/2025 | C.1 | 17/01/2025 | General Collection | |||
| Library of Congress Classification | Kabarak, Nakuru City Campus | Kabarak, Nakuru City Campus | 17/01/2025 | 5280.00 | 2025/0850 | QA76.73 .P98R63 2023 C.2 | 33612 | 17/01/2025 | C.2 | 17/01/2025 | General Collection |